|
|
|
|
| LEADER |
00784nab a2200229 i 4500 |
| 001 |
publ18518 |
| 005 |
20200408143604.0 |
| 008 |
200408s2020 hu o 0|| zxx d |
| 022 |
|
|
|a 1420-3049
|
| 024 |
7 |
|
|a 10.3390/molecules25040937
|2 doi
|
| 024 |
7 |
|
|a 31187106
|2 mtmt
|
| 040 |
|
|
|a SZTE Publicatio Repozitórium
|b hun
|
| 041 |
|
|
|a zxx
|
| 100 |
1 |
|
|a Lőrinczi Bálint
|
| 245 |
1 |
0 |
|a Synthesis of New C-3 Substituted Kynurenic Acid Derivatives
|h [elektronikus dokumentum] /
|c Lőrinczi Bálint
|
| 260 |
|
|
|c 2020
|
| 300 |
|
|
|a Azonosító: 937-Terjedelem: 14 p
|
| 490 |
0 |
|
|a MOLECULES
|v 25
|
| 700 |
0 |
1 |
|a Csámpai Antal
|e aut
|
| 700 |
0 |
1 |
|a Fülöp Ferenc
|e aut
|
| 700 |
0 |
1 |
|a Szatmári István
|e aut
|
| 856 |
4 |
0 |
|u http://publicatio.bibl.u-szeged.hu/18518/1/molecules-25-00937-v21.pdf
|z Dokumentum-elérés
|